000 01468nam a2200385Ia 4500
001 ebr10054549
003 CaPaEBR
006 m u
007 cr cn|||||||||
008 990713s2000 enk sb 001 0 eng d
010 _z 99038470
020 _z0203062531
020 _z0415223539 (cloth)
020 _z0415223547 (pbk.)
040 _aCaPaEBR
_cCaPaEBR
035 _a(OCoLC)71348377
050 1 4 _aHC412
_b.T68 2000eb
082 0 4 _a332/.095
_221
245 0 0 _aTowards recovery in Pacific Asia
_h[electronic resource] /
_cedited by Gerald Segal and David S.G. Goodman.
260 _aLondon ;
_aNew York :
_bRoutledge,
_c2000.
300 _ax, 148 p.
490 1 _aESRC Pacific Asia programme
504 _aIncludes bibliographical references (p. [132]-142) and index.
533 _aElectronic reproduction.
_bPalo Alto, Calif. :
_cebrary,
_d2009.
_nAvailable via World Wide Web.
_nAccess may be limited to ebrary affiliated libraries.
650 0 _aFinancial crises
_zAsia.
651 0 _aAsia
_xForeign economic relations.
651 0 _aAsia
_xEconomic conditions
_y1945-
651 0 _aAsia
_xEconomic policy.
655 7 _aElectronic books.
_2local
700 1 _aSegal, Gerald,
_d1953-
700 1 _aGoodman, David S. G.
710 2 _aebrary, Inc.
830 0 _aESRC Pacific Asia Programme (Series)
856 4 0 _uhttp://site.ebrary.com/lib/rucke/Doc?id=10054549
_zAn electronic book accessible through the World Wide Web; click to view
999 _c65334
_d65334